|
|
|
|
| LEADER |
02273cas a2200313 a 4500 |
| 001 |
AALejournalIMF022341 |
| 008 |
230101c9999 xx r poo 0 0eng d |
| 020 |
|
|
|c 5.00 USD
|
| 020 |
|
|
|z 9781513583792
|
| 022 |
|
|
|a 1018-5941
|
| 040 |
|
|
|a BD-DhAAL
|c BD-DhAAL
|
| 100 |
1 |
|
|a Cuesta Aguirre, Juan Pablo.
|
| 245 |
1 |
0 |
|a Recoveries After Pandemics :
|b The Role of Policies and Structural Features /
|c Juan Pablo Cuesta Aguirre, Swarnali Hannan.
|
| 264 |
|
1 |
|a Washington, D.C. :
|b International Monetary Fund,
|c 2021.
|
| 300 |
|
|
|a 1 online resource (40 pages)
|
| 490 |
1 |
|
|a IMF Working Papers
|
| 500 |
|
|
|a <strong>Off-Campus Access:</strong> No User ID or Password Required
|
| 500 |
|
|
|a <strong>On-Campus Access:</strong> No User ID or Password Required
|
| 506 |
|
|
|a Electronic access restricted to authorized BRAC University faculty, staff and students
|
| 520 |
3 |
|
|a To shed light on the possible scarring effects from Covid-19, this paper studies the economic effects of five past pandemics using local projections on a sample of fifty-five countries over 1990-2019. The findings reveal that pandemics have detrimental medium-term effects on output, unemployment, poverty, and inequality. However, policies can go a long way toward alleviating suffering and fostering an inclusive recovery. The adverse output effects are limited for countries that provided relatively greater fiscal support. The increases in unemployment, poverty, and inequality are likewise lower for countries with relatively greater fiscal support and relatively stronger initial conditions (as defined by higher formality, family benefits, and health spending per capita).
|
| 538 |
|
|
|a Mode of access: Internet
|
| 650 |
|
7 |
|a Economic Development, Innovation, Technological Change, and Growth
|2 imf
|
| 650 |
|
7 |
|a Health
|2 imf
|
| 650 |
|
7 |
|a Macroeconomic Policy, Macroeconomic Aspects of Public Finance, and General Outlook
|2 imf
|
| 650 |
|
7 |
|a Pandemics, Output, Unemployment, Poverty, Inequality and Fiscal Support
|2 imf
|
| 650 |
|
7 |
|a Welfare, Well-Being, and Poverty
|2 imf
|
| 700 |
1 |
|
|a Hannan, Swarnali.
|
| 830 |
|
0 |
|a IMF Working Papers; Working Paper ;
|v No. 2021/181
|
| 856 |
4 |
0 |
|z Full text available on IMF
|u http://elibrary.imf.org/view/journals/001/2021/181/001.2021.issue-181-en.xml
|z IMF e-Library
|